Statistiques concernant les 20 préfectures les plus proches de Gap à vol d'oiseau

Cliquez ici pour prendre le quiz!

Statistiques générales

  • Ce quiz a été pris 83 fois
  • Le résultat moyen est 17 sur 20

Statistiques - réponses

distance (en km)ville préfecture% Correct
75Grenoble
99%
152Marseille
96%
165Lyon
95%
134Nice
95%
44Digne Les Bains
91%
103Valence
91%
160Toulon
88%
206Montpellier
87%
149Annecy
86%
122Avignon
86%
159Nimes
86%
165Saint Etienne
86%
113Chambery
84%
119Privas
83%
272Clermont-Ferrand
82%
195Bourg en Bresse
76%
205Mende
71%
182Le puy en Velay
70%
217Macon
67%
239Lons le Saunier
51%

Distribution des résultats

Percentile par nombre de réponses

% des personnes avec chaque résultat

Votre développement - résultats

Vous n’avez pas pris ce quiz